| 000 | 01583nam a2200397 a 4500 | ||
|---|---|---|---|
| 999 |
_c28640 _d28611 |
||
| 001 | 4510864 | ||
| 003 | EG-ScBUE | ||
| 005 | 20200901104859.0 | ||
| 008 | 980122s1996 dk a f b 100 0 eng d | ||
| 020 | _a8716133099 | ||
| 020 | _a9788716133090 | ||
| 035 | _a(OCoLC)36733749 | ||
| 040 |
_aGOC _beng _erda _cGOC _dDLC _dEG-ScBUE |
||
| 043 | _ae------ | ||
| 082 | 0 | 4 |
_a658 _bTHE _222 |
| 111 | 2 |
_aEDAMBA Summer School _n(2nd : _d1993 : _cLeuven, Belgium) |
|
| 245 | 1 | 0 |
_aTheory-building in the business sciences : _bpapers from the second EDAMBA Summer School / _cedited by Tom Elfring, Hans Siggaard Jensen, Arthur Money. |
| 264 | 1 |
_aCopenhagen : _bHandelshojskolens Forlag, _c1996. |
|
| 300 |
_a183 pages : _billustrations ; _c24 cm. |
||
| 336 |
_2rdacontent _atext _btxt |
||
| 337 |
_2rdamedia _aunmediated _bn |
||
| 338 |
_2rdacarrier _avolume _bnc |
||
| 490 | 0 |
_aThe EDAMBA book series ; _v2 |
|
| 500 | _aPapers from the summer school held during the third week of July 1993 at the Katholieke Universiteit Leuven, Belgium. | ||
| 504 | _aIncludes bibliographical references. | ||
| 650 | 7 |
_aBusiness education _zEurope _xCongresses. _2BUEsh |
|
| 650 | 7 |
_aBusiness _xResearch _zEurope _xCongresses. _2BUEsh |
|
| 653 |
_bBUSADM _cAugust2020 |
||
| 655 |
_vReading book _934232 |
||
| 700 | 1 |
_aElfring, Tom, _d1957- _eeditor. |
|
| 700 | 1 |
_aJensen, Hans Siggaard, _d1947- _eeditor. |
|
| 700 | 1 |
_aMoney, Arthur H., _d1941- _eeditor. |
|
| 906 |
_a7 _bcbc _ccopycat _d3 _encip _f19 _gy-gencatlg |
||
| 942 |
_2ddc _cBB |
||